[Event "NOR-chT Club"]
[Site "Drammen"]
[Date "2019.05.30"]
[Round "1.8"]
[White "Breivik, Lars H"]
[Black "Eriksen, Tom"]
[Result "1-0"]
[WhiteElo "2165"]
[BlackElo "1678"]
[PlyCount "59"]
[EventDate "2019.05.30"]
[EventType "team-swiss"]
[EventRounds "6"]
[EventCountry "NOR"]
[SourceTitle "CBM 190 Extra"]
[Source "ChessBase"]
[SourceDate "2019.07.15"]
[SourceVersion "1"]
[SourceVersionDate "2019.07.15"]
[SourceQuality "1"]
[WhiteTeam "Drammen Tigers"]
[BlackTeam "Sotra"]
[WhiteTeamCountry "NOR"]
[BlackTeamCountry "NOR"]

1. c4 c6 2. g3 Nf6 3. Bg2 g6 4. b3 Bg7 5. Bb2 0-0 6. Nf3 Na6 7. 0-0 Nc7 8. d3 d5 9. Nbd2 Re8 10. Qc2 Bg4 11. h3 Bxf3 12. Nxf3 Rc8 13. Rad1 e6 14. e4 Qe7 15. e5 Nd7 16. Rfe1 Red8 17. Qc1 Bf8 18. h4 h6 19. d4 Kh7 20. Bf1 Qe8 21. Bd3 Bb4 22. Re2 Be7 23. h5 Nf8 24. Kg2 dxc4 25. bxc4 b5 26. Rh1 bxc4 27. hxg6+ Nxg6 28. Qxh6+ Kg8 29. Bxg6 fxg6 30. Qh8+ 1-0